Statistics for Best Selling Albums of the 1990's

Click here to take the quiz!

General Stats

  • This quiz has been taken 18 times
    (10 since last reset)
  • The average score is 5 of 10

Answer Stats

HintAnswer% Correct
3. Alanis Morissette- 1995Jagged Little Pill
89%
1. Metallica- 1991Metallica
89%
10. Backstreet Boys- 1996Backstreet Boys
56%
2. Shania Twain- 1997Come on Over
56%
4. Backstreet Boys- 1999Millenium
56%
6. Santana- 1999Supernatural
56%
5. Various Artists- 1992The Bodyguard
33%
8. Hootie & The Blowfish- 1994Cracked Rear View
22%
7. Creed-1999Human Clay
22%
9. Garth Brooks- 1998Double Live
0%

Score Distribution

Percentile by Number Answered

Percent of People with Each Score

Your Score History

You have not taken this quiz since the last reset